000 00288 a2200145 4500
001 65726
020 _a9788516094744
040 _cAnchieta - Pituba
240 1 0 _aMatematica 6
_lpor
245 1 0 _aMatematica 6
300 _a411
362 0 _a2014
650 4 _aMatemática
942 _cBK
999 _c65726
_d65726